Klinicky nepoznaná coeliakia v dospelosti

Bibliographic Details
Main Authors: Stachová, Ivana (Author), Božíková, Jana (Author), Hyrdel, Rudolf, 1951- (Author), Demeter, Michal, 1971- (Author), Beseda, Andrej, 1942- (Author)
Format: Article
Language:Slovak
PhysicalDescription:Obr.
ISSN:1336-1473
Subjects:

MARC

LEADER 00000nab a2200000 a 4500
001 vtls000846777
003 SK-MaSNL
005 20260304122653.0
008 250429c2003 xo 0 slo
015 |a SNBRB2003/10-28202 
035 |a CLN000198432 
035 |a urn:nbn:sk:snk-ab6skl 
035 |a (uuid)7d5ed6c4-f017-4788-9f44-b57667462c91 
035 |a (urnnbn)urn:nbn:sk:snk:ar-a05nfs 
035 |a (sysno)vtls000846777 
040 |a SNKBUCL  |b slo  |c SNKBUCL  |e AACR2 
041 0 |a slo 
044 |a xo  |c SK 
080 |a 616.346-002:616-022.7  |2 1997 
245 0 0 |a Klinicky nepoznaná coeliakia v dospelosti  |c Ivana Stachová ... [et al.] 
300 |b Obr. 
504 |a Res. slov. 
504 |a Bibliogr. odkazy 
650 0 7 |a celiakia  |x diagnostika  |x dietoterapia  |x dospelý  |2 MESH  |9 1429745 
650 0 7 |a glukokortikoidy  |x použitie terapeutické  |2 MESH  |9 1429746 
650 0 7 |a prevalencia  |2 MESH  |9 840846 
650 0 7 |a dietoterapia  |2 MESH  |9 22112 
650 0 7 |a choroby tenkého čreva, imunoproliferačné  |x diagnostika  |2 MESH  |9 1429747 
650 0 7 |a kazuistika  |2 MESH  |9 19523 
650 0 7 |a bezlepková diéta  |2 snkbucl  |9 73798 
655 7 |a články z novín a časopisov  |2 snkbucl  |9 267496 
700 1 |a Stachová, Ivana  |4 aut  |9 20557 
700 1 |a Božíková, Jana  |4 aut  |9 900625 
700 1 |a Hyrdel, Rudolf,  |d 1951-  |4 aut  |9 196160 
700 1 |a Demeter, Michal,  |d 1971-  |4 aut  |9 196162 
700 1 |a Beseda, Andrej,  |d 1942-  |4 aut  |9 198987 
773 0 |t Gastroenterológia pre prax  |g Roč. 2, č. 1 (2003), s. 42-44  |x 1336-1473 
850 |a Slovenská národná knižnica 
852 |a Slovenská národná knižnica 
954 |a odborná, vedecká literatúra pôvodná (slovenská)  |2 lita 
958 |a article27 
958 |a MI 
958 |a NB 
958 |a OND 
958 |a EUIPO 
999 |c 2888674  |d 2890604